¿Tener o ser?

A lo largo de varias décadas, el pensamiento de Erich Fromm se ha consagrado al análisis crítico de la situación social y de las perspectivas reales y posibles de liberación efectiva.\Al integrar el psicoanálisis con la política, Erich Fromm es uno de los primeros trabajadores intelectuales que apor...

Full description

Bibliographic Details
Main Author: Fromm, Erich 1900-1980
Format: Libro
Language:English
Published: México: Fondo de Cultura Económica, 1996.
Series:Psicología, psiquiatría y psicoanálisis
Subjects:
Online Access:

MARC

LEADER 00000cam a2200000 a 4500
001 003781
003 UAHC_CL
005 20180326162156.0
008 010822b j 000 1 eng
952 |0 0  |1 0  |4 0  |6 302_170000000000000_FROT  |7 0  |8 General  |9 8456  |a BC  |b BC  |c General  |d 2017-08-03  |l 0  |o 302.17 FROT  |p 1301531  |r 2026-01-07 00:00:00  |t 1  |w 2017-08-03  |y BK 
952 |0 0  |1 0  |4 0  |6 302_170000000000000_FROT  |7 0  |8 General  |9 8457  |a BC  |b BC  |c General  |d 2017-08-03  |l 0  |o 302.17 FROT  |p 1390027  |r 2026-01-07 00:00:00  |t 2  |w 2017-08-03  |y BK 
952 |0 0  |1 0  |4 0  |6 302_170000000000000_FROT  |7 0  |8 General  |9 8458  |a BC  |b BC  |c General  |d 2017-08-03  |l 1  |o 302.17 FROT  |p 1390028  |r 2026-01-07 00:00:00  |s 2019-12-10  |t 3  |w 2017-08-03  |y BK 
952 |0 0  |1 0  |4 0  |6 302_170000000000000_FROT  |7 0  |8 General  |9 8459  |a BC  |b BC  |c General  |d 2017-08-03  |l 0  |o 302.17 FROT  |p 1390029  |r 2026-01-07 00:00:00  |t 4  |w 2017-08-03  |y BK 
999 |c 3781  |d 3781 
020 |a 9681601718 
040 |a UAHC_CL  |c UAHC_CL  |d UAHC_CL 
082 0 4 |a 302.17FRO 
100 1 |a Fromm, Erich  |d 1900-1980 
245 1 0 |a ¿Tener o ser?   |c Erich From. 
260 |a México:  |b Fondo de Cultura Económica,  |c 1996. 
300 |a 199 p. 
490 0 |a Psicología, psiquiatría y psicoanálisis 
520 |a A lo largo de varias décadas, el pensamiento de Erich Fromm se ha consagrado al análisis crítico de la situación social y de las perspectivas reales y posibles de liberación efectiva.\Al integrar el psicoanálisis con la política, Erich Fromm es uno de los primeros trabajadores intelectuales que aportaron un campo de reflexión y crítica interdisciplinarios en este siglo, para estudiar el conjunto global de la sociedad contemporánea y la constelación de los problemas que ella plantea. Fromm ha meditado sobre la crisis y ha contribuido con obras sagaces a iluminar el verdadero camino de la esperanza. En este libro, continuación orgánica de sus demás obras, examina modos de existir que plantean disyuntivas esenciales para el humanista, el político, el investigador social: el tener y su opresiva carga de ambiciones materiales, de deseos de poder; el ser, que postula vitalmente el amor, el placer y la comunión. 
650 4 |a SOCIOLOGIA 
653 |a PSICOLOGIA 
900 |a 302.17 FROT 
942 |c BK